00540nam a2200205 a 4500001001300000003000900013005001700022008004100039020000900080082001600089100002300105245003000128260004800158300000900206500003500215505002400250650001600274650002100290700002300311nice12345678IN_TiNIC20260116013627.0050524s1983 dela grp 000 0 eng  ac3500a340.50bELA aEl-Awa, Mohammad S aPunishment in Islamic Law aDelhibMarkazi Maktaba Jamat-E-Islamic1983 a147p aincludes index and biblioraphy2 aIndex, Bibliography aIslamic-Law aPunishment-Islam1 aEl-Awa, Mohammad S